Paramedic : (رقم التسجيلة. 21214)

تفاصيل مارك
000 -الفاتح
حقل البيانات ثابتة الطول 02080cam a22004574a 4500
001 - رقم الضبط
رقم الضبط 13287320
003 - محدد رقم الضبط
رقم الضبط OSt
005 - وقت وتاريخ اخر تعامل مع التسجيلة
رقم الضبط 20150408114011.0
008 - عناصر البيانات ثابتة الطول - معلومات عامة
حقل البيانات ثابتة الطول 030723s2004 maua 001 0 eng
010 ## - رقم ضبط مكتبة الكونجرس
رقم ضبط مكتبة الكونجرس 2003016730
020 ## - الرقم الدولى المعيارى للكتب
الرقم الدولى المعيارى للكتاب 0763709301 (pbk. : alk. paper)
035 ## - رقم ضبط النظام
رقم ضبط النظام (DNLM)101185918
040 ## - مصدر الفهرسة
وكالة الفهرسة الأصلية DNLM/DLC
وكالة النسخ DLC
وكالة التعديل DLC
042 ## - رمز التحقق
رمز التحقق pcc
050 00 - رقم طلب مكتبة الكونجرس
رقم التصنيف QM23.2
رقم المادة .E415 2004
060 10 - رقم الطلب بالمكتبة الطبية الوطنية
رقم التصنيف QS 18.2
رقم المادة E46p 2004
082 00 - رقم تصنيف ديوى العشرى
رقم التصنيف 616.025
رقم الطبعة 22
100 1# - المدخل الرئيسى - إسم شخصى
الإسم الشخصى Elling, Bob.
9 (RLIN) 10253
245 10 - بيان العنوان
العنوان Paramedic :
بقية العنوان anatomy and physiology /
بيان المسئوليه,etc Bob Elling, Kirsten M. Elling, Mikel A. Rothenberg ; editor, Andrew N. Pollak.
246 30 - العنوان الموازى
عنوان صحيح/عنوان مختصر Anatomy and physiology
250 ## - بيان الطبعة
بيان الطبعة 1st ed.
260 ## - PUBLICATION, DISTRIBUTION, ETC. (IMPRINT)
مكان الناشر او الموزع Sudbury, Mass. :
اسم الناشر او الموزع Jones and Bartlett Publishers,
تاريخ النشر أو التوزيع c2004.
300 ## - الوصف المادى
التعداد xvii, 318 p. :
تفاصيل ماديه اخرى للوعاء col. ill. ;
أبعاد الوعاء 28 cm.
500 ## - تبصرة عامة
تبصرة عامة Includes index.
505 0# - تبصرة محتويات-الفهرس
تبصرة المحتويات المصاغة Anatomic definitions -- Cells -- Skeletal tissue -- Muscle tissue -- Circulatory system -- The lymphatic and immune system -- The respiratory system -- The nervous system -- The gastrointestinal system -- Urinary system, metabolism and body fluids balance -- The reproductive system and human genetics -- Endocrine system -- Integumentary system -- Special sensory systems.
650 #0 - المدخل الاضافى بالموضوع-مصطلح موضوعى
مصطلح موضوعي أو اسم جغرافي كعنصر مدخل Human anatomy.
9 (RLIN) 5283
650 #0 - المدخل الاضافى بالموضوع-مصطلح موضوعى
مصطلح موضوعي أو اسم جغرافي كعنصر مدخل Human physiology.
650 #0 - المدخل الاضافى بالموضوع-مصطلح موضوعى
مصطلح موضوعي أو اسم جغرافي كعنصر مدخل Medical emergencies
التقسيم الفرعي الشكلي Case studies.
9 (RLIN) 10254
650 #0 - المدخل الاضافى بالموضوع-مصطلح موضوعى
مصطلح موضوعي أو اسم جغرافي كعنصر مدخل Emergency medical technicians.
9 (RLIN) 10255
650 #0 - المدخل الاضافى بالموضوع-مصطلح موضوعى
مصطلح موضوعي أو اسم جغرافي كعنصر مدخل Human anatomy
التقسيم الفرعي الشكلي Problems, exercises, etc.
9 (RLIN) 10256
650 #0 - المدخل الاضافى بالموضوع-مصطلح موضوعى
مصطلح موضوعي أو اسم جغرافي كعنصر مدخل Human physiology
التقسيم الفرعي الشكلي Problems, exercises, etc.
9 (RLIN) 6630
650 12 - المدخل الاضافى بالموضوع-مصطلح موضوعى
مصطلح موضوعي أو اسم جغرافي كعنصر مدخل Anatomy
التقسيم الفرعي الشكلي Problems and Exercises.
9 (RLIN) 10257
650 12 - المدخل الاضافى بالموضوع-مصطلح موضوعى
مصطلح موضوعي أو اسم جغرافي كعنصر مدخل Physiology
التقسيم الفرعي الشكلي Problems and Exercises.
9 (RLIN) 10258
650 22 - المدخل الاضافى بالموضوع-مصطلح موضوعى
مصطلح موضوعي أو اسم جغرافي كعنصر مدخل Emergency Treatment
التقسيم الفرعي العام methods
التقسيم الفرعي الشكلي Problems and Exercises.
9 (RLIN) 10259
700 1# - المدخل الاضافى - اسم شخصى
الإسم الشخصى Elling, Kirsten M.
9 (RLIN) 10260
700 1# - المدخل الاضافى - اسم شخصى
الإسم الشخصى Rothenberg, Mikel A.
9 (RLIN) 10261
710 2# - المدخل الاضافى - اسم هيئه
اسم الهيئة أو اسم السلطة كمدخل American Academy of Orthopaedic Surgeons.
9 (RLIN) 10262
856 41 - الوصول و الموقع الالكترونى
مواد محددة Table of contents
معرف المصدر الموحد <a href="http://www.loc.gov/catdir/toc/ecip047/2003016730.html">http://www.loc.gov/catdir/toc/ecip047/2003016730.html</a>
942 ## - عناصر المدخل الإضافي( كوها)
مصدر التصنيف او مخطط الترفيف Dewey Decimal Classification
Koha [default] item type كتاب
المقتنيات
حالة الفقد نموذج السعر الفعال حالة تلف ليس للاعارة رقم الطلب تاريخ الاكتساب الموقع الحالي الباركود الفرع الرئيسي Date last checked out Date last seen نوع المادة فى نظام كوها مصدر التصنيف او خطة الترفيف Total Checkouts
  2013-03-10     616.025 E B P 2012-04-05 مكتبة كلية العلوم الطبية التطبيقية بالمجمعة - طالبات (AMF) 00025884 مكتبة كلية العلوم الطبية التطبيقية بالمجمعة - طالبات (AMF) 2025-09-29 2025-12-07 كتاب Dewey Decimal Classification 3